| 000 | 00844nam a22002537a 4500 | ||
|---|---|---|---|
| 001 | 3863 | ||
| 003 | FISKH | ||
| 005 | 20240521090128.0 | ||
| 008 | 240520b cb ||||| |||| 00| 0 eng d | ||
| 040 |
_aFISK _beng _cFISK _dFISK |
||
| 082 | _a813.52 | ||
| 100 |
_aKeene Carolyn _d1905-2002 |
||
| 245 |
_aThe search for the silver persian / _cCarolyn Keene |
||
| 260 |
_aNew York : _bMinstrel Books, _c1993 |
||
| 300 |
_a151 pages : _c20 cm |
||
| 490 |
_v114 number _aNancy drew |
||
| 505 | _aK | ||
| 520 | _aWhen her friend's cat, Purrfect, is kidnapped after entering a River Heights cat show, Nancy Drew investigates the case of the missing feline and uncovers a devious scam. | ||
| 521 | 8 |
_a610 _bLexile estimates, |
|
| 521 | 8 |
_aK _bLexile estimates, |
|
| 700 | _aCarolyn Keene | ||
| 942 |
_2ddc _cBK _n0 |
||
| 999 |
_c3863 _d3863 |
||